• AIU
  • Tony Wilmot Memorial Library

International English : (Record no. 37264)

MARC details
000 -LEADER
fixed length control field 01183nam a22003251a 4500
001 - CONTROL NUMBER
control field 2883194
005 - DATE AND TIME OF LATEST TRANSACTION
control field 20110718132434.0
008 - FIXED-LENGTH DATA ELEMENTS--GENERAL INFORMATION
fixed length control field 860305s1985 enkam b 001 0 eng
010 ## - LIBRARY OF CONGRESS CONTROL NUMBER
LC control number 86126567
020 ## - INTERNATIONAL STANDARD BOOK NUMBER
International Standard Book Number 0340586451
020 ## - INTERNATIONAL STANDARD BOOK NUMBER
International Standard Book Number 0340586451
035 ## - SYSTEM CONTROL NUMBER
-- (DLC) 86126567
040 ## - CATALOGING SOURCE
Original cataloging agency DLC
Transcribing agency DLC
Modifying agency DLC
050 00 - LIBRARY OF CONGRESS CALL NUMBER
Classification number RYH 9115
050 00 - LIBRARY OF CONGRESS CALL NUMBER
Classification number PE1074.7
Item number .T78 1985
082 00 - DEWEY DECIMAL CLASSIFICATION NUMBER
Classification number PE 1074.7.T78 1982
Edition number 19
100 1# - MAIN ENTRY--PERSONAL NAME
Personal name Trudgill, Peter.
245 10 - TITLE STATEMENT
Title International English :
Remainder of title a guide to varieties of standard English /
Statement of responsibility, etc Peter Trudgill and Jean Hannah.
Medium [Text]
250 ## - EDITION STATEMENT
Edition statement 2nd ed.
260 ## - PUBLICATION, DISTRIBUTION, ETC. (IMPRINT)
Place of publication, distribution, etc London
Name of publisher, distributor, etc E. Arnold
Date of publication, distribution, etc 1985
300 ## - PHYSICAL DESCRIPTION
Extent xv,130 p. : ill. ; 22 cm. + 1 sound cassette (analog)
500 ## - GENERAL NOTE
General note Includes index.
504 ## - BIBLIOGRAPHY, ETC. NOTE
Bibliography, etc Bibliography: p. [117]-120.
590 ## - LOCAL NOTE (RLIN)
Local note Accompanying sound recording shelved in the Recorded Sound Section of the Motion Picture, Broadcasting, and Recorded Sound Division.
650 #0 - SUBJECT ADDED ENTRY--TOPICAL TERM
Topical term or geographic name as entry element Communication, International
650 #0 - SUBJECT ADDED ENTRY--TOPICAL TERM
Topical term or geographic name as entry element English language
General subdivision Variation
Geographic subdivision Foreign countries.
700 1# - ADDED ENTRY--PERSONAL NAME
Personal name Hannah, Jean.
906 ## - LOCAL DATA ELEMENT F, LDF (RLIN)
a 7
b cbc
c orignew
d 2
e ncip
f 19
g y-gencatlg
991 ## -
-- c-Music
-- PE1074.7
-- .T78 1985
-- Copy 1
-- Phon Case
-- BOOKS
Holdings
Withdrawn status Lost status Source of classification or shelving scheme Damaged status Not for loan Collection code Home library Current library Shelving location Date acquired Source of acquisition Cost, normal purchase price Total Checkouts Full call number Barcode Date last seen Date checked out Copy number Price effective from Koha item type
    Library of Congress Classification     General Circulation AIU/NEGST - Tony Wilmot Memorial Library AIU/NEGST - Tony Wilmot Memorial Library General Stacks 03/15/2010 D. 18.60 1 PE 1074.7.T78 1982 R22459J3232 11/24/2022 11/03/2022 1 03/15/2010 Books